000 00587nam a2200205Ia 4500
003 OSt
005 20241219095922.0
008 210716s1978 xx 000 0 und d
020 _a0672510278
040 _cAIMIT LIBRARY
041 _aeng
082 _a808.83
_21
_bHOBT
100 _aHobbes, Thomas.
_9191707
245 _aLeviathan:
_bparts l and ll /
_cBy Thomas Hobbes.
250 _a1st ed.
260 _aNew York :
_bBobbs Merrill Educational Publishing ;
_c1978.
300 _a298p. ;
_bPB
_c20 cm.
650 _aCommonwealth
_9191708
942 _2ddc
_cBK
_e1st ed.
_k808.83 HOBT
999 _c199903
_d199903